LEADER 01197nam0-2200361---450- 001 990008854120403321 005 20090629191136.0 010 $a88-464-5414-6 035 $a000885412 035 $aFED01000885412 035 $a(Aleph)000885412FED01 035 $a000885412 100 $a20090513d2004----km-y0itay50------ba 101 0 $aita 102 $aIT 105 $aa-------001yy 200 1 $a<>arsenico nelle acque destinate al consumo umano$ecaratteristiche generali, diffusione, normativa, metodi di determinazione e rimozione, effetti sulla salute$fa cura di Osvaldo Conio, Roberto Porro$gcontributi di Luciano Coccagna ... [et al.] 210 $aMilano$cFrancoAngeli$d2004 215 $a229 p.$cill.$d23 cm 225 1 $aCollana Fondazione AMGA$v380.235 610 0 $aArsenico 610 0 $aAcque potabili 676 $a363.739 4$v20$zita 702 1$aConio,$bOsvaldo 702 1$aPorro,$bRoberto 702 1$aCoccagna,$bLuciano 801 0$aIT$bUNINA$gRICA$2UNIMARC 901 $aBK 912 $a990008854120403321 952 $a60 363.739 B 4$b11943$fFAGBC 959 $aFAGBC 996 $aArsenico nelle acque destinate al consumo umano$9108531 997 $aUNINA LEADER 01032nam--2200361---450 001 990002716710203316 005 20220601120953.0 035 $a000271671 035 $aUSA01000271671 035 $a(ALEPH)000271671USA01 035 $a000271671 100 $a20060306d1969----km-y0itay0103----ba 101 $afre 102 $aBE 105 $a-|||||||001yy 200 1 $aA ciel ouvert$fElie Willaime 210 $aBruxelles$cLa Dryade$d1969 215 $a101 p.$d16 cm 676 $a843.91 700 1$aWILLAIME,$bElie$0592674 801 0$aIT$bsalbc$gISBD 912 $a990002716710203316 951 $aXV.4.A. 84$bL.M.$cXV.4.A. 951 $aXV.4.A. 84a$b215910 L.M.$cXV.4.A.$d00150575 959 $aBK 969 $aFF 979 $aSENATORE$b90$c20060306$lUSA01$h1223 979 $aSENATORE$b90$c20060307$lUSA01$h1220 979 $aMARIAS$b90$c20090204$lUSA01$h1041 979 $aMARIAS$b90$c20090204$lUSA01$h1042 979 $aMARIAS$b90$c20110215$lUSA01$h1734 996 $aA ciel ouvert$91000022 997 $aUNISA